| 000 | 00540nam a2200205 a 4500 | ||
|---|---|---|---|
| 001 | 000026191 | ||
| 005 | 20200930024359.0 | ||
| 008 | 110303s1993 sp a r 000 0 spa d | ||
| 020 | _a8434829142 | ||
| 040 |
_aDO-SdBNP _bspa _cBNPHU |
||
| 082 |
_aNNN _bO77c, 1993 |
||
| 100 | 1 |
_aOrtega, Emilio _953205 |
|
| 245 | 1 | 0 |
_a100 gran angular / _cEmilio Ortega. |
| 250 | _a4a ed. | ||
| 260 |
_aMadrid : _bEdiciones SM, _c[1993]. |
||
| 300 |
_a341, [2] p. ; _c21 cm. |
||
| 490 | 1 | _aGran angular | |
| 830 | 0 |
_aGran angular _926464 |
|
| 049 | _aBNGR | ||
| 999 |
_c25683 _d25683 |
||